00381nam a2200121Ia 45000010005000000080041000050820031000461000049000772450068001262600024001949010026002189990015002444591241024s9999 xx 000 0 und d aRD/658.041/C755i/2015-2017 aConsejo Nacional de Empresas Privadas. CONEP 0aInstitucionalidad e internacionalización. Gestión 2015-2017 bSanto Domingoc2017 a7/3/2017 3:25:48 p.m. c7994d7994